000 03185nam a2200289 a 4500
001
003 DO-SdBNP
005 20260603071649.0
008 190403s2015 dr ac 001 0 spa d
020 _a9789945008548
040 _aDO-SdBNP
_bspa
_cBPMSU
082 _a972.93054
_bB171c 2014
_222
245 0 0 _aJoaquín Balaguer :
_bcartas, entrevistas, conferencias, discursos y artículos de opinión (1961-1965) /
_cestudios, compilación y notas de Cándido Gerón.
260 _aSanto Domingo :
_bCentenario,
_c2014
300 _a381 p. :
_bils., retrs. ;
_c25 cm.
500 _aIncluye índice onomástico
500 _aIncluye datos biográficos del compilador en las solapas
505 0 _aEl legado de Duarte -- Discurso del presidente Balaguer en Congreso -- Partido Reformista, la oligarquía y la divisas -- Mensaje a la juventud -- El ex presidente enjuicia política de su país Joaquín Balaguer y el futuro de la República Dominicana -- Saldo negativo -- Basta ya de odio -- La deuda pública -- La teoría de Keynes y la economía dominicana -- El costo de la vida -- El clima electoral -- Solo por los voto -- Ni gobiernos inconstitucionales ni gobierno provisionales -- Los ricos y las reformas sociales -- Los neo trujillistas -- Depuración de las fuerzas Armadas no; depuración de toda la adminitración pública, sí -- Mensaje de Balaguer en convención del Partido Reformita -- El cáncer dominicano -- Dos opiniones contraditorias sobre el pueblo dominicano -- Cantinflismo político -- El otro Donald Read -- La tesis electoral de la oligarquía -- Cartas al Listin doctor Joaquín Balaguer relata acontecimientos --. El ex presidente enjuicia política de su país Joaquín Balaguer y el futuro de la República Dominicana -- El presupuesto de 1964 -- El destino de las empresas estatales -- Ejemplo edificante -- El ejemplo de Honduras -- El tonel de las Danaides -- El triunvirato y el desastre financiero -- Elecciones y tregua política -- El ejemplo del Viet Nam -- Inflación y fuga de divisas -- Las amnistía y la rescontrucción nacional -- Las crisis de los derechos humanos en la República Dominicana -- Un gobierno en interdicción -- Los responsables del desastre -- Un embajador en mangas de camisa -- La historia y los malos ejemplos -- La lucha de clases y la educación popular -- Discurso de Balaguer al Partido Reformista -- La experiencia de 25 de septiembre -- Un paso constructivo -- t La visita del Santo Padre --. La parálisis del progreso -- El mensaje del año -- En torno a unas declaraciones del Triunviro Cáceres Troncoso -- La sombra de Pilatos -- El destino de las empresas confiscadas -- La política impositiva del Triunvirato -- Dos tipos de demagogia.
590 _aInventariado, 2022/VM
600 1 7 _aBalaguer, Joaquín,
_d1906-2002
_xCorrespondencias, memorias, etc.
650 7 _aPresidentes
_zRepública Dominicana
_vCorrespondencias
651 7 _aRepública Dominicana
_xHistoria.
651 7 _aRepública Dominicana
_xPolítica y gobierno
_ySiglo XX
700 1 _aGerón, Candido,
_d1950-
_ecompilador
910 _aVMateo V.
942 _2ddc
_cBK
999 _c13933
_d13933